000 00844nam a2200205 i 4500
001 158865
003 ES-MaACL
005 20260201140950.0
008 981127s1888 sp |||| | spa d
040 _aCCPB | B
_bspa
_cCCPB | B
100 1 _aMartín, Fidel.
_9129613
245 1 3 _aLa crisis agrícola y el arancel
_b: artículos publicados en "El Correo" /
_cpor Fidel Martín ; precedidos de un prólogo de Gabriel Rodríguez.
260 _aMadrid :
_b[s.n.],
_c1888 (
_fImprenta de Enrique de la Riva)
300 _a59 p. ;
_c21 cm.
650 0 4 _aAgricultura-
_zEspaña-
_yS.XIX
_99682
700 1 _aRodríguez, Gabriel,
_d1829-1901
_998243
852 _aES-MaACL
_jFol-Laf-285
_z-- Rúst.
852 _aES-MaACL
_jT-463-F-5
_z-- Enc. hol.
_q-- Falto de la cub. original
_z-- Enc. en un vol. facticio
999 _c158865
_d158865